The effect of using visual aids on teaching english vocabulary at Thot Not high school : Master of education. program: Principles and methods in english language education

Nghiên cứu tìm hiểu thực trạng của việc sử dụng đồ dùng trực quan trong việc dạy từ vựng tiếng Anh, những khó khăn của giáo viên và học sinh trong việc sử dụng đồ dùng trực quan trong việc dạy từ vừng tiếng Anh ở trường THPT Thốt Nốt....

全面介紹

Đã lưu trong:
書目詳細資料
主要作者: Đỗ, Huỳnh Thảo Lan
格式: 圖書
語言:Undetermined
出版: Cần Thơ Trường Đại học Cần Thơ 2010
主題:
標簽: 添加標簽
沒有標簽, 成為第一個標記此記錄!
Thư viện lưu trữ: Trung tâm Học liệu Trường Đại học Cần Thơ
LEADER 01331nam a2200229Ia 4500
001 CTU_163559
008 210402s9999 xx 000 0 und d
082 |a 428.0071 
082 |b L105 
088 |a 60140111 
100 |a Đỗ, Huỳnh Thảo Lan 
245 4 |a The effect of using visual aids on teaching english vocabulary at Thot Not high school : 
245 0 |b Master of education. program: Principles and methods in english language education 
245 0 |c Đỗ Huỳnh Thảo Lan ; Supervisor: Nguyễn Hồng Quí 
260 |a Cần Thơ 
260 |b Trường Đại học Cần Thơ 
260 |c 2010 
520 |a Nghiên cứu tìm hiểu thực trạng của việc sử dụng đồ dùng trực quan trong việc dạy từ vựng tiếng Anh, những khó khăn của giáo viên và học sinh trong việc sử dụng đồ dùng trực quan trong việc dạy từ vừng tiếng Anh ở trường THPT Thốt Nốt. 
650 |a English language,Vocabulary,Tiếng Anh,Từ vựng,Education,Giáo dục 
650 |x Study and teaching,Study and teaching,Dạy và học,Dạy và học,Audio-visual aids,Phụ kiện nghe nhìn 
904 |i Năm 
980 |a Trung tâm Học liệu Trường Đại học Cần Thơ